书目信息 |
| 题名: |
赢在习惯
|
|
| 作者: | 沈凤霞 编著 | |
| 分册: | ||
| 出版信息: | 北京 中国商业出版社 2006.01 |
|
| 页数: | 204页 | |
| 开本: | 24cm | |
| 丛书名: | ||
| 单 册: | ||
| 中图分类: | B848.4 | |
| 科图分类: | ||
| 主题词: | 成功心理学--Cheng Gong Xin Li Xue--通俗读物 | |
| 电子资源: | ||
| ISBN: | 7-5044-5568-7 | |
| 000 | 00919nam0 2200253 450 | |
| 001 | CAL 012006030564 | |
| 005 | 20060529091747.96 | |
| 010 | @a7-5044-5568-7@dCNY 29.80 | |
| 099 | @aCAL 012006030564 | |
| 100 | @a20060125d2006 ekmy0chiy0121 ea | |
| 101 | 0 | @achi |
| 102 | @aCN@b110000 | |
| 200 | 1 | @a赢在习惯@AYing Zai Xi Guan@d= Win at habit@e成就一生的8个习惯@f沈凤霞编著@zeng |
| 210 | @a北京@c中国商业出版社@d2006.01 | |
| 215 | @a204页@c图@d24cm | |
| 330 | @a本书是一本关于成功心理学的书籍,主要内容包括:前言、由内而外敞开改变之门、全面提升你的自信、重建和改善自己的人际关系、高效能的最高境界等。 | |
| 333 | @a普通读者。 | |
| 510 | 1 | @aWin at habit@zeng |
| 517 | 1 | @a成就一生的8个习惯@ACheng Jiu Yi Sheng De 8 Ge Xi Guan |
| 606 | 0 | @a成功心理学@ACheng Gong Xin Li Xue@j通俗读物 |
| 690 | @aB848.4@v4 | |
| 701 | 0 | @a沈凤霞@AShen Feng Xia@4编著 |
| 801 | 0 | @aCN@bXHSD@c20060529 |
| 905 | @a10447@dB848.4@eS397 | |
| 赢在习惯= Win at habit:成就一生的8个习惯/沈凤霞编著.-北京:中国商业出版社,2006.01 |
| 204页:图;24cm |
| 使用对象:普通读者。 |
| ISBN 7-5044-5568-7:CNY 29.80 |
| 本书是一本关于成功心理学的书籍,主要内容包括:前言、由内而外敞开改变之门、全面提升你的自信、重建和改善自己的人际关系、高效能的最高境界等。 |
| ● |
| 相关链接 |
|
|
|
正题名:赢在习惯
索取号:B848.4/S397
 
预约/预借
| 序号 | 登录号 | 条形码 | 馆藏地/架位号 | 状态 | 备注 |
| 1 | 603513 | 206035137 | 社科库509/509社科库 46排2列4层/ [索取号:B848.4/S397] | 在馆 | |
| 2 | 603514 | 206035146 | 社科库509/509社科库 46排2列4层/ [索取号:B848.4/S397] | 在馆 |